Najlepsi strzelcy PSG w historii - Statystyki

Ogólne statystyki
  • Ten quiz został rozwiązany 150 razy
  • Średni wynik to 3 z 10
Statystyki odpowiedzi
Miejsce Liczba goli Piłkarz % Poprawnych
1. 256 Kylian Mbappe
79%
4. 118 Neymar
78%
3. 156 Zlatan Ibrahimović
72%
2. 200 Edison Cavani
47%
8. 93 Angel Di Maria
26%
5. 109 Pauleta
12%
6. 100 Dominique Rocheteau
2%
9. 87 François M'Pelé
2%
7. 98 Mustapha Dahleb
2%
10. 85 Safet Susic
2%
Nie znaleziono quizów pasujących do podanych kryteriów
Rozkład punktacji
Procent ludzi z każdym wynikiem
Percentyl według liczby udzielonych odpowiedzi
Twoja historia wyników
Nie rozwiązałeś tego quizu